000 nam a22 7a 4500
999 _c56626
_d56626
003 OSt
005 20230520085251.0
008 230520b xxu||||| |||| 00| 0 eng d
040 _cIIMT UNIVERSITY
100 _aSHARMA,KOMAL
245 _aCONCEPTS OF SOCIAL PHARMACY
300 _a269
942 _2ddc
_c01